00976nam a2200253Ia 4500003000900000008004100009020001800050040001600068080002100084111007900105245023500184260004200419300001400461490002600475500002600501650004100527650001900568650002000587650002000607650001200627700002000639700002500659710003800684IN-BaIIA211028s9999 xx 000 0 eng d a90-277-1280-8 cIIA Library a082.2:52bIAU-95 aInternational Astronomical Union Symposiumn95thcGermanyd1980 Aug. 26-29 0aPulsarsbproceedings of the International Astronomical Union Symposium No.95, held in Bonn, Federal Republic of Germany August 26-29. 1980cedited by W. Sieber and R. Wielebinski  aDordrechtbD. Reidel Publishingc1981 axv, 475p. aIAU Symposium; no. 95 aDonated by Mrs. Bappu aAstronomy and Astrophysics Thesaurus aBinary Pulsars aCollapsed Stars aOptical Pulsars aPulsars aSieber, W., ed. aWielebinski, R., ed. aInternational Astronomical Union